Instructional alternatives for exceptional children : papers prepared for the Exceptional Children Branch of the National Center for the Improvement of Educational Systems /

Saved in:
Bibliographic Details
Main Author: Deno, Evelyn N.
Corporate Authors: National Center for the Improvement of Educational Systems. Exceptional Children Branch, National Center for the Improvement of Educational Systems. Leadership Training Institute for Special Education
Format: Book
Language:English
Published: Arlington, Va. : May be ordered from the Council for Exceptional Children, [1973?]
Subjects:
LEADER 01384nam a2200277 i 4500
001 c000137344
003 CARM
005 00000000000000.0
008 750915s1973 vaua b 00010 eng
019 1 |a 276643  |z 23885477  |5 LACONCORD2021 
020 |c $2.50 
035 |a (OCoLC)3073800  |5 LACONCORD2021 
043 |a n-us--- 
050 0 0 |a LC3981  |b .D46 
082 0 0 |a 371.9/0973 
100 1 |a Deno, Evelyn N. 
245 1 0 |a Instructional alternatives for exceptional children :  |b papers prepared for the Exceptional Children Branch of the National Center for the Improvement of Educational Systems /  |c by the Leadership Training Institute for Special Education ; editor, Evelyn N. Deno. 
260 |a Arlington, Va. :  |b May be ordered from the Council for Exceptional Children,  |c [1973?] 
300 |a xvi, 195 p. :  |b ill. ;  |c 22 cm. 
504 |a Includes bibliographies. 
650 0 |a Special education  |z United States. 
710 2 0 |a National Center for the Improvement of Educational Systems.  |b Exceptional Children Branch. 
710 2 0 |a National Center for the Improvement of Educational Systems.  |b Leadership Training Institute for Special Education. 
852 8 |b CARM  |h A2:AH30A0  |i B03819  |p 0183471  |f BK 
999 f f |i 52c16cab-838e-5273-8fbc-51b30719fba8  |s ef5a7def-dc29-58fe-8dee-47f3edd52e19 
952 f f |p Can circulate  |a CAVAL  |b CAVAL  |c CAVAL  |d CARM 1 Store  |e B03819  |f A2:AH30A0  |h Other scheme  |i book  |m 0183471